000 00270nam a22001097a 4500
008 230726b |||||||| |||| 00| 0 eng d
082 _a616.86
100 _aRakesh Lal
245 _aSubstance use disorders:
_bManual for physicians
300 _a233 p.
_c23 cm
942 _2ddc
999 _c9621
_d9622